| 000 | 00554nam a22001937a 4500 | ||
|---|---|---|---|
| 003 | SISC | ||
| 005 | 20160212102718.0 | ||
| 008 | 130823t xxu||||| |||| 00| 0 eng d | ||
| 020 | _a1903954614 | ||
| 050 |
_aQP 495 _b.M953 2003 |
||
| 082 |
_aHS 760 _bM89 2003 |
||
| 100 |
_aMuir, Duncan _912624 |
||
| 245 |
_aKnowledge masters : _cDuncan Muir; illustrated by Paul Harrison. _boptical illusions / |
||
| 260 |
_aLondon : _bZigzag Childrens Books, _c2003. |
||
| 300 |
_a32 p. ; _c28 cm. |
||
| 650 |
_aIllusions _912625 |
||
| 942 |
_2lcc _cBK |
||
| 999 |
_c9159 _d9159 |
||